| 000 | 01396cam a2200337 a 4500 | ||
|---|---|---|---|
| 999 |
_c3701 _d3701 |
||
| 001 | 13104852 | ||
| 003 | Nust | ||
| 005 | 20170105101223.0 | ||
| 008 | 030226s2004 njua b 001 0 eng | ||
| 010 | _a 2003042988 | ||
| 020 | _a0131407376 | ||
| 040 |
_aDLC _cDLC _dDLC |
||
| 043 | _an-us--- | ||
| 050 | 0 | 0 |
_aHG4028.M4 _bW47 2004 |
| 082 | 0 | 0 |
_a338.8/3/0973 _221 |
| 100 | 1 |
_aWeston, J. Fred _q(John Fred), _d1916- |
|
| 245 | 1 | 0 |
_aTakeovers, restructuring, and corporate governance / _cJ. Fred Weston, Mark L. Mitchell, J. Harold Mulherin ; assisted by Juan A. Siu, Brian A. Johnson. |
| 250 | _a4th ed. | ||
| 260 |
_aUpper Saddle River, N.J. : _bPearson Prentice Hall, _cc2004. |
||
| 300 |
_axxxii, 688 p. : _bill. ; _c24 cm. |
||
| 440 | 0 | _aPrentice Hall finance series | |
| 504 | _aIncludes bibliographical references and index. | ||
| 650 | 0 |
_aConsolidation and merger of corporations _zUnited States _xFinance. |
|
| 650 | 0 |
_aConsolidation and merger of corporations _zUnited States _xManagement. |
|
| 650 | 0 |
_aCorporate governance _zUnited States. |
|
| 700 | 1 |
_aMitchell, Mark, _d1960- |
|
| 700 | 1 |
_aMulherin, John Harold, _d1958- |
|
| 906 |
_a7 _bcbc _corignew _d1 _eocip _f20 _gy-gencatlg |
||
| 942 |
_2ddc _cBK |
||